[Event "Thessaloniki/Chalkidiki-chT"]
[Site "Thessaloniki/Chalkidiki"]
[Date "2019.02.10"]
[Round "4.2"]
[White "Maronidis, Anastasios"]
[Black "Gavriilidis, Georgios"]
[Result "0-1"]
[WhiteElo "1902"]
[BlackElo "2141"]
[PlyCount "136"]
[EventDate "2019.01.13"]
[EventType "team-tourn"]
[EventRounds "9"]
[EventCountry "GRE"]
[SourceTitle "EXT 2020"]
[Source "ChessBase"]
[SourceDate "2019.10.17"]
[SourceVersion "1"]
[SourceVersionDate "2019.10.17"]
[SourceQuality "1"]
[WhiteTeam "Kalamarias Han"]
[BlackTeam "Thessaloniki Aris"]
[WhiteTeamCountry "GRE"]
[BlackTeamCountry "GRE"]

1. e4 c5 2. Nf3 d6 3. d4 cxd4 4. Nxd4 Nf6 5. Nc3 g6 6. Be3 Bg7 7. f3 Nc6 8. Qd2 Bd7 9. 0-0-0 Rc8 10. Kb1 a6 11. Nxc6 Bxc6 12. Bh6 Bxh6 13. Qxh6 Qa5 14. Bc4 b5 15. Bb3 b4 16. Nd5 Bxd5 17. Bxd5 Qc5 18. Rd2 a5 19. Bb3 e6 20. Rhd1 Rd8 21. Ba4+ Ke7 22. Qh4 Qe5 23. Rd4 g5 24. Qh3 h5 25. g3 h4 26. Qg2 hxg3 27. hxg3 Nh5 28. g4 Nf4 29. Qf1 Rh2 30. R4d2 Rxd2 31. Rxd2 Rh8 32. Qg1 Qc5 33. Rd1 Qxg1 34. Rxg1 Ng6 35. c3 Ne5 36. cxb4 Nxf3 37. Rg3 Nd2+ 38. Kc1 Nxe4 39. Re3 Rh1+ 40. Kc2 Rh2+ 41. Kc1 Nd2 42. bxa5 Nc4 43. Rc3 Nxa5 44. Rc7+ Kf8 45. b3 Rxa2 46. Kb1 Re2 47. Ra7 Re5 48. Kb2 Kg7 49. Be8 Kf8 50. Bxf7 Nc6 51. Rc7 Re2+ 52. Kc3 Re3+ 53. Kd2 Ne7 54. Kxe3 Nd5+ 55. Kd4 Nxc7 56. Bg6 Ke7 57. b4 Kd7 58. Bd3 Kc6 59. Be2 Nb5+ 60. Ke3 d5 61. Bf3 e5 62. Kd3 Kd6 63. Bh1 e4+ 64. Kc2 Ke5 65. Kb3 d4 66. Bg2 d3 67. Bf1 Kd4 68. Kb2 e3 0-1

[Event "Thessaloniki/Chalkidiki-chT"]
[Site "Thessaloniki/Chalkidiki"]
[Date "2019.01.27"]
[Round "3.2"]
[White "Maronidis, Anastasios"]
[Black "Theofilopoulos, Aristotelis"]
[Result "1-0"]
[WhiteElo "1902"]
[BlackElo "2101"]
[PlyCount "55"]
[EventDate "2019.01.13"]
[EventType "team-tourn"]
[EventRounds "9"]
[EventCountry "GRE"]
[SourceTitle "EXT 2020"]
[Source "ChessBase"]
[SourceDate "2019.10.17"]
[SourceVersion "1"]
[SourceVersionDate "2019.10.17"]
[SourceQuality "1"]
[WhiteTeam "Kalamarias Han"]
[BlackTeam "Polichnis"]
[WhiteTeamCountry "GRE"]
[BlackTeamCountry "GRE"]

1. e4 e5 2. Nf3 Nf6 3. Nxe5 d6 4. Nf3 Nxe4 5. d3 Nf6 6. d4 d5 7. Bd3 Bd6 8. 0-0 0-0 9. Bg5 Bg4 10. Nbd2 h6 11. Bh4 Bf4 12. h3 Bxf3 13. Nxf3 g5 14. Bg3 Bxg3 15. fxg3 Ne4 16. Ne5 Nc6 17. Qh5 Nxe5 18. dxe5 Qe7 19. Qxh6 Qxe5 20. Bxe4 dxe4 21. Rf6 e3 22. g4 e2 23. Re1 Qe3+ 24. Kh2 Qe5+ 25. Kh1 Rad8 26. Rf5 Rd6 27. Qxf8+ Kxf8 28. Rxe5 1-0

[Event "Thessaloniki/Chalkidiki-chT"]
[Site "Thessaloniki/Chalkidiki"]
[Date "2019.01.13"]
[Round "1.2"]
[White "Maronidis, Anastasios"]
[Black "Iskos, Alexandros"]
[Result "0-1"]
[WhiteElo "1902"]
[BlackElo "2215"]
[PlyCount "94"]
[EventDate "2019.01.13"]
[EventType "team-tourn"]
[EventRounds "9"]
[EventCountry "GRE"]
[SourceTitle "EXT 2020"]
[Source "ChessBase"]
[SourceDate "2019.10.17"]
[SourceVersion "1"]
[SourceVersionDate "2019.10.17"]
[SourceQuality "1"]
[WhiteTeam "Kalamarias Han"]
[BlackTeam "Keravnos MAPO"]
[WhiteTeamCountry "GRE"]
[BlackTeamCountry "GRE"]

1. e4 c5 2. Nf3 d6 3. d4 cxd4 4. Nxd4 Nf6 5. Nc3 g6 6. Be3 Bg7 7. f3 0-0 8. Qd2 Nc6 9. Bc4 Bd7 10. 0-0-0 Rc8 11. Bb3 Nxd4 12. Bxd4 b5 13. Bxa7 b4 14. Nd5 Nxd5 15. exd5 Qa5 16. Bd4 Bxd4 17. Qxd4 Ba4 18. Qd3 Rc7 19. Bxa4 Qxa4 20. Qb3 Qxb3 21. axb3 Rfc8 22. Rd2 Ra8 23. Rdd1 Ra1+ 24. Kd2 Ra5 25. c4 bxc3+ 26. bxc3 Rxd5+ 27. Kc2 Rdc5 28. Rd3 Ra5 29. Rb1 Kf8 30. Rb2 Ke8 31. Kd2 Ra1 32. c4 Kd7 33. Kc3 Rc1+ 34. Rc2 Rxc2+ 35. Kxc2 e6 36. Kc3 Kc6 37. Rd2 Ra7 38. f4 h5 39. h4 Ra1 40. g3 Rg1 41. Rd3 Rc1+ 42. Kb2 Re1 43. b4 d5 44. b5+ Kc5 45. Rb3 Re2+ 46. Ka3 dxc4 47. b6 cxb3 0-1